000 00589nam a2200193Ia 4500
008 151121s9999||||xx |||||||||||||| ||und||
082 _a/खरे
082 _bHNW-113378
100 _aखरे नंदा
245 _aबखर अंतकाळाची
260 _b"मनोविकास प्रकाशन, पुणे।"
260 _c2010
300 _a254
600 _aखरे नंदा
630 _aबखर अंतकाळाची
700 _aखरे नंदा
730 _aबखर अंतकाळाची
942 _cBOOK
999 _c1262509
_d1262506